[Event "Belt and Road Hunan op-C"]
[Site "Changsha"]
[Date "2019.08.01"]
[Round "6"]
[White "Jiang, Tiantian"]
[Black "Jiang, Zhihan"]
[Result "1/2-1/2"]
[WhiteElo "1691"]
[BlackElo "1826"]
[PlyCount "77"]
[EventDate "2019.07.29"]
[EventType "swiss"]
[EventRounds "9"]
[EventCountry "CHN"]
[SourceTitle "EXT 2020"]
[Source "ChessBase"]
[SourceDate "2019.10.17"]
[SourceVersion "1"]
[SourceVersionDate "2019.10.17"]
[SourceQuality "1"]

1. Nf3 d5 2. g3 Nc6 3. d4 Bf5 4. Bg2 Nb4 5. Na3 e6 6. 0-0 Nf6 7. c4 c6 8. b3 Be7 9. Bb2 0-0 10. Nh4 Bg4 11. Nc2 a5 12. Nxb4 axb4 13. Nf3 Ra6 14. h3 Bxf3 15. Bxf3 Qa8 16. Qc2 Qa7 17. Rfb1 Ra8 18. e3 Qb8 19. Bc1 e5 20. Bd2 exd4 21. exd4 Qa7 22. c5 Rxa2 23. Rxa2 Qxa2 24. Qxa2 Rxa2 25. Bxb4 b6 26. Rc1 Rb2 27. cxb6 Bxb4 28. b7 Nd7 29. Rxc6 Rxb3 30. Bxd5 Rb1+ 31. Kg2 Kf8 32. Rc7 Nb8 33. Rc8+ Ke7 34. Rxb8 Bd6 35. Rg8 Kf6 36. Rd8 Ke7 37. Rc8 Rb4 38. Rc4 Rxc4 39. Bxc4 1/2-1/2

[Event "Longtou Cup-B 2nd"]
[Site "Qinhuangdao"]
[Date "2019.04.21"]
[Round "6"]
[White "Jiang, Zhihan"]
[Black "Wang, Yukun"]
[Result "1/2-1/2"]
[WhiteElo "1812"]
[BlackElo "1978"]
[PlyCount "109"]
[EventDate "2019.04.16"]
[EventType "swiss"]
[EventRounds "9"]
[EventCountry "CHN"]
[SourceTitle "EXT 2020"]
[Source "ChessBase"]
[SourceDate "2019.10.17"]
[SourceVersion "1"]
[SourceVersionDate "2019.10.17"]
[SourceQuality "1"]

1. d4 g6 2. c4 Bg7 3. Nc3 d6 4. e4 Nf6 5. Nf3 Bg4 6. Be2 0-0 7. Be3 Nbd7 8. Qd2 c6 9. h3 Bxf3 10. Bxf3 Re8 11. g4 Nb6 12. Be2 e5 13. d5 Qc7 14. g5 Nfd7 15. 0-0-0 cxd5 16. cxd5 Na4 17. Kb1 Nxc3+ 18. Qxc3 Qxc3 19. bxc3 Rec8 20. Kc2 f5 21. f3 Nc5 22. Bxc5 Rxc5 23. Rb1 Rac8 24. Rb3 b6 25. Bd3 fxe4 26. fxe4 h6 27. gxh6 Bxh6 28. Rf1 Kg7 29. a4 Bf4 30. c4 Rxc4+ 31. Bxc4 Rxc4+ 32. Rc3 Rxa4 33. Rc6 Rxe4 34. Rxd6 Rc4+ 35. Kb3 Rd4 36. Rg1 g5 37. h4 e4 38. Re6 Rxd5 39. Rxe4 Kf7 40. hxg5 Bxg5 41. Rf1+ Bf6 42. Ref4 Rd6 43. Ra1 a6 44. Kc4 b5+ 45. Kc5 Ke7 46. Rh1 Kd7 47. Rh7+ Be7 48. Rd4 Rxd4+ 49. Kxd4 a5 50. Kd5 a4 51. Rh2 a3 52. Ra2 Kc7 53. Kd4 Bf6+ 54. Kc5 Bb2 55. Kxb5 1/2-1/2

[Event "Longtou Cup-B 2nd"]
[Site "Qinhuangdao"]
[Date "2019.04.17"]
[Round "2"]
[White "Jiang, Ming Rong"]
[Black "Jiang, Zhihan"]
[Result "0-1"]
[WhiteElo "1729"]
[BlackElo "1812"]
[PlyCount "54"]
[EventDate "2019.04.16"]
[EventType "swiss"]
[EventRounds "9"]
[EventCountry "CHN"]
[SourceTitle "EXT 2020"]
[Source "ChessBase"]
[SourceDate "2019.10.17"]
[SourceVersion "1"]
[SourceVersionDate "2019.10.17"]
[SourceQuality "1"]

1. e4 c5 2. Nf3 d6 3. d4 cxd4 4. Nxd4 Nf6 5. Nc3 a6 6. Nb3 e5 7. Bg5 Be7 8. Qd3 Be6 9. Bxf6 Bxf6 10. 0-0-0 Be7 11. Nd5 Bxd5 12. Qxd5 Nc6 13. Kb1 0-0 14. g3 Rc8 15. c3 b5 16. Bh3 Rc7 17. f4 Qb8 18. Rc1 a5 19. Nd2 Rd8 20. Nf1 b4 21. Qd2 bxc3 22. Rxc3 exf4 23. gxf4 Bf6 24. Rc2 Rb7 25. b3 Nd4 26. Rc3 a4 27. Kc1 axb3 0-1